000
00263nam a2200121 a 4500
005
20141022142004.0
008
080922s19uu xx 00 eng d
050
_a
VCD
_b
E4 1988
245
_a
Elizabeth.
650
_a
VCD.
650
_a
Elizabeth.
942
_c
AVM
999
_c
276442
_d
276442